000 00284nam a2200097Ia 4500
005 20250424112837.0
008 250424s9999 xx 000 0 und d
300 _a94 p. , portraits : ill. ; 27 cm.
650 _aElectrical engineering--Periodicals Electronics--Periodicals
942 _cSR
999 _c37464
_d37464